| 000 | 00690nam a2200253Ia 4500 | ||
|---|---|---|---|
| 005 | 20250425162739.0 | ||
| 008 | 250425s9999 xx 000 0 und d | ||
| 020 | _a0070511128 | ||
| 041 | _aeng | ||
| 082 | _a338.76 | ||
| 100 | _aRAE, JOHN B | ||
| 245 | 0 | _aNISSAN DATSUN: A HISTORY OF NISSAN MOTOR CORPOERATION IN USA, 1960-1980 | |
| 250 | _aS.E. | ||
| 260 |
_aEstados Unidos _bMCGRAW-HILL BOOK COMPANY _c1982 |
||
| 260 | _aNEW YORK | ||
| 300 | _a331 | ||
| 500 | _aDONADO POR GUILLERMO AROSEMENA | ||
| 650 | _aCORPORACION FINANCIERA | ||
| 650 | _aESTRUCTURAS-DISEÑO | ||
| 650 | _aREORGANIZACION | ||
| 710 | _aMCGRAW-HILL BOOK COMPANY | ||
| 942 | _c01 | ||
| 010 | _a104591 | ||
| 999 |
_c235604 _d235604 |
||